00798nam a22002537a 450000500170000001000280001702000260004502000230007102000320009403500130012603500170013903500130015603700210016903700130019008200080020310000220021124501080023325000160034126000370035727000400039430000250043450000400045950000450049920170707112141.0 aBAC-EN21 ENG-111664 a9788121910361c500.00 a8121910366c500.00 a9788121910361c675.00 (AV) aEN-95196 aB-589589-615 aB-668132 bTechniz/Venadpl bDBAD/PUB a301 aShankar Rao, C.N.00aSociology :bprinciples of sociology with an introduction to sociological thought /cby C.N.Shankar Rao a7th rev. ed aNew DelhibS.Chand c2014(repr.) a7361, Ram Nagar,bNew Delhie110055 axiv,924p.c24cm(pbk) aIncludes bibliographical references aSupply received revised Price Rs. 595.00